Occupational therapy and physical dysfunction: enabling occupation. -- 6th ed. (Record no. 32244)

MARC details
000 -LEADER
fixed length control field 00860nam a2200217 a 4500
008 - FIXED-LENGTH DATA ELEMENTS--GENERAL INFORMATION
fixed length control field 120223s2010 ||||||||||||||||| || u
020 ## - INTERNATIONAL STANDARD BOOK NUMBER
International Standard Book Number 9780080450841
050 ## - LIBRARY OF CONGRESS CALL NUMBER
Classification number RM 735 Occ
100 ## - MAIN ENTRY--PERSONAL NAME
Personal name Supyk-Mellson, Jo-anne
245 10 - TITLE STATEMENT
Title Occupational therapy and physical dysfunction: enabling occupation. -- 6th ed.
Statement of responsibility, etc. edited by Michael Curtin, Matthew Molineux and Jo-anne Supyk-Mellson
250 ## - EDITION STATEMENT
Edition statement 6th ed.
260 ## - PUBLICATION, DISTRIBUTION, ETC.
Place of publication, distribution, etc. Oxford:
Name of publisher, distributor, etc. Elsevier
Date of publication, distribution, etc. 2010
300 ## - PHYSICAL DESCRIPTION
Extent xvii, 674p.: ill.
350 ## -
-- 0.00
650 ## - SUBJECT ADDED ENTRY--TOPICAL TERM
Topical term or geographic name entry element MEDICINE
650 #2 - SUBJECT ADDED ENTRY--TOPICAL TERM
Topical term or geographic name entry element OCCUPATIONAL THERAPY
650 ## - SUBJECT ADDED ENTRY--TOPICAL TERM
Topical term or geographic name entry element DISABLED PERSONS--REHABILITATION
700 ## - ADDED ENTRY--PERSONAL NAME
Personal name Molineux, Matthew
700 ## - ADDED ENTRY--PERSONAL NAME
Personal name Curtin, Michael
995 ## -
-- MEDICAL LIBRARY OPEN ACCESS
-- 0.00
-- 901652
-- CBU-SCHOOL OF MEDICINE LIBRARY (Ndola)
-- 1
-- 0.00
-- RM 735 OCC
-- 1
-- AVAILABLE
-- Mar 22, 2012
-- 901652
-- Medical Library Open Access Collection
999 ## -
-- 32244
-- 32244
Holdings
Withdrawn status Lost status Source of classification or shelving scheme Damaged status Not for loan Permanent Location Current Location Shelving location Date acquired Total Checkouts Full call number Barcode Date last seen Price effective from Koha item type
          CBU-SCHOOL OF MEDICINE LIBRARY, NDOLA. CBU-SCHOOL OF MEDICINE LIBRARY, NDOLA.   11/30/2022   RM 735 Occ 901652 11/30/2022 11/30/2022 MONOGRAPH